Statistics for Marvel X-Men Characters Birthplaces

Click here to take the quiz!

General Stats

  • This quiz has been taken 44 times
  • The average score is 14 of 37

Answer Stats

BirthplaceCharacter% Correct
Alberta, CanadaWolverine
95%
Lake Baikal, RussiaColossus
77%
New Orleans, Louisiana, United StatesGambit
72%
Bavaria, GermanyNightcrawler
72%
Caldecott County, Mississippi, United StatesRogue
70%
Floral Park, Long Island, New York, United StatesIceman
63%
County Mayo, IrelandBanshee
58%
Centerport, New York, United StatesAngel
51%
Lake Baikal, RussiaMagik
47%
Honolulu, HawaiiHavok
44%
Tokyo, JapanKwannon
44%
AtlantisNamor
44%
Agarashima, JapanSunfire
44%
São Paulo, BrazilSunspot
44%
Cumberland County, Kentucky, United StatesCannonball
42%
Boston, Massachusetts, United StatesEmma Frost
40%
Edmonton, Alberta, CanadaSabretooth
40%
Sydney, AustraliaPyro
35%
Kandahar, AfghanistanDust
30%
VietnamKarma
30%
Deerfield, IllinoisKitty Pryde
30%
Montreal, CanadaNorthstar
30%
County Mayo, IrelandSiryn
30%
Montreal, CanadaAurora
28%
Nova RomaMagma
28%
Ullapool, ScotlandWolfsbane
28%
Cumberland County, Kentucky, United StatesHusk
26%
Aquba, JordonApocalypse
23%
Abergylid, WalesPixie
23%
Gardendale, New York, United StatesDazzler
21%
AustriaDestiny
14%
Boulder, Colorado, United StatesMoonstar
14%
FranceExodus
12%
Maldon, Essex, EnglandBetsy Braddock
9%
Gold Coast, AustraliaTempus
9%
IndiaOmega Sentinel
7%
Sarajevo, BosniaMonet St Croix
2%

Score Distribution

Percentile by Number Answered

Percent of People with Each Score

Your Score History

You have not taken this quiz